<?xml version="1.0" encoding="UTF-8"?>
<marc:record xmlns:marc="http://www.loc.gov/MARC21/slim">
   <marc:leader>00000nam a2200000 a 4500</marc:leader>
   <marc:datafield ind1=" " ind2=" " tag="653">
      <marc:subfield code="a">Softcover / Belletristik/Comic</marc:subfield>
   </marc:datafield>
   <marc:datafield ind1=" " ind2=" " tag="653">
      <marc:subfield code="a">Cartoon</marc:subfield>
   </marc:datafield>
   <marc:datafield ind1=" " ind2=" " tag="653">
      <marc:subfield code="a">Humor</marc:subfield>
   </marc:datafield>
   <marc:datafield ind1=" " ind2=" " tag="653">
      <marc:subfield code="a">Satire/Comic</marc:subfield>
   </marc:datafield>
   <marc:datafield ind1="0" ind2="0" tag="245">
      <marc:subfield code="a">Die Bruderschaft der Krabbe</marc:subfield>
   </marc:datafield>
   <marc:datafield ind1="0" ind2="0" tag="245">
      <marc:subfield code="c">Mathieu Gallié ; Jean B. Andreae. [Aus dem Franz. von Monja Reichert</marc:subfield>
   </marc:datafield>
   <marc:datafield ind1=" " ind2="1" tag="264">
      <marc:subfield code="a">Bielefeld</marc:subfield>
      <marc:subfield code="b">Splitter</marc:subfield>
      <marc:subfield code="c">2010</marc:subfield>
   </marc:datafield>
   <marc:datafield ind1=" " ind2=" " tag="250">
      <marc:subfield code="a">1. Aufl.</marc:subfield>
   </marc:datafield>
   <marc:datafield ind1="1" ind2=" " tag="520">
      <marc:subfield code="a">Angaben aus der Verlagsmeldung

Die Bruderschaft der Krabbe : Band 1. Erstes Buch La Confrérie du Crabe / von Mathieu Gallié, Jean B Andreae

Als der kleine Mael ins Krankenhaus eingeliefert wird, offenbaren ihm seine Zimmerkameraden ein furchtbares Geheimnis: Er ist, ebenso wie seine Bettnachbarn, von der Krankheit der Krabbe befallen. In ihren Körpern wächst ein Scherentier heran, das – sollte es sich mit den anderen »Geschwüren« vereinen – ein ultimatives Monstrum bilden wird. Um dieses Monstrum zu bekämpfen, haben die jungen Patienten eine Bruderschaft gegründet, die den grauenvollen und gespenstischen Vorgängen um sie herum die Stirn bieten soll.
Gallié und Andreae nehmen uns mit in eine fantastische, von mythischen Figuren bevölkerte Welt.
</marc:subfield>
   </marc:datafield>
   <marc:datafield ind1=" " ind2=" " tag="020">
      <marc:subfield code="a">9783868691696</marc:subfield>
      <marc:subfield code="9">9783868691696</marc:subfield>
   </marc:datafield>
   <marc:datafield ind1=" " ind2=" " tag="041">
      <marc:subfield code="a">ger</marc:subfield>
   </marc:datafield>
   <marc:datafield ind1=" " ind2=" " tag="300">
      <marc:subfield code="a">55 S.</marc:subfield>
   </marc:datafield>
</marc:record>
